Click to Translate - French - Tricky - Statistics

General Stats
  • This quiz has been taken 463 times
  • The average score is 12 of 21
Answer Stats
Hint Answer % Correct
bread pain
86%
wine vin
84%
car voiture
78%
vine vigne
67%
wall mur
63%
blessing bénédiction
62%
bus car
62%
possibly éventuellement
60%
room salle
57%
pain douleur
55%
wonderful formidable
52%
wound blessure
51%
rude impoli
51%
blackberry mûre
48%
sale vente
48%
harsh rude
45%
dirty sale
45%
eventually finalement
40%
location lieu
40%
formidable impressionnant
37%
rental location
31%
No matching quizzes found
Score Distribution
Percent of People with Each Score
Percentile by Number Answered
Your Score History
You have not taken this quiz